000 00847nam a22002897a 4500
001 8292
003 FISKH
005 20250908145140.0
008 250908b cb ||||| |||| 00| 0 eng d
020 _a9780876146170
040 _aFISKH
_beng
_cFISKH
_dFISKH
050 _aQC966.5 .K73
082 _a551.5
100 _aKramer, Stephen
245 _aLightning /
_cby Stephen Kramer : photograph by Warren Faidley
260 _aMinneapolis :
_bLerner Publications Company ,
_c1992.
300 _a48 pages :
_bcolor illustrations ;
_c20 x 23 cm .
490 _aNature in Action
505 _aV
521 8 _a870
_bLexile
521 8 _aV
_bRaz-Plus
650 _aWeather/seasons
_vNon-fiction
650 _aStorm chasers
_vNon-fiction
700 _aFaidley, Warren
_eIllustrator
942 _2ddc
_cBK
_n0
999 _c8292
_d8292